'Holy' Musical Lyrics Quiz Stats

 Plays Quiz not verified by Sporcle

Support Sporcle.
Go Orange.
Score 0/19 Timer 10:00
0 Plays Today
Lyric Musical % Correct
To love another person is to see the face of GodLes Miserables
72.1%
Oh God I think I blew itA Chorus Line
63.1%
For God's sake get me to the church on timeMy Fair Lady
63.1%
The Gods may throw a dice, their minds as cold as iceMamma Mia
40.3%
You really do believe this talk of God is trueJesus Christ Superstar
39.9%
Just questions that never end, why God? Why today?Miss Saigon
34.8%
All good gifts around us come from God aboveGodspell
33%
God took up Daniel once againFiddler on the Roof
31.8%
Oh God if I agree what horrors wait for me?Phantom of the Opera
31.3%
We were like Gods back then, walking among common menLegally Blonde
24.9%
Lyric Musical % Correct
Or some God's experiment, in which we have no sayAida
24.9%
The Gods have smiled and blessed is MeranoChess
22.7%
Nothing with Gods, nothing with fateA Funny Thing Happened on the Way to the Forum
22.3%
God knows, God knows, i've fallen in loveWe Will Rock You
21%
This day or never, I'll rest forever with the GodsJekyll and Hyde
20.2%
God created the heaven and earthChildren of Eden
10.7%
Even the Gods won't dare to cross this lineOnce on this Island
8.2%
Where I live is God's own country though it's dirtier and poorer than he plannedThe Beautiful Game
6%
God help meOliver!
5.2%

You're not logged in!

Compare scores with friends on all Sporcle quizzes.
OR
Log In

From the Vault

Baby Beasts

by sufradley

We dare you to make it through this quiz without going 'aawww'.
Remove Ads.
Support Sporcle.
Get the best of Sporcle when you Go Orange. This ad-free experience offers more features, more stats, and more fun while also helping to support Sporcle. Thank you for becoming a member.

Show Comments

Extras

Top Quizzes Today


Score Distribution

Your Account Isn't Verified!

In order to create a playlist on Sporcle, you need to verify the email address you used during registration. Go to your Sporcle Settings to finish the process.

Report this User

Report this user for behavior that violates our Community Guidelines.

Details: